100 most valuable football players 2025 - Statistics

General Stats
  • This quiz has been taken 123 times
  • The average score is 59 of 100
Answer Stats
# Club Player % Correct
2. Manchester City Erling Haaland
93%
5. Real Madrid Kylian Mbappe
92%
75. Tottenham Micky van de Ven
92%
3. Real Madrid Jude Bellingham
91%
4. Barcelona Lamine Yamal
91%
6. Arsenal Bukayo Saka
88%
13. Barcelona Pedri
85%
12. Chelsea Cole Palmer
84%
1. Real Madrid Vinícius Júnior
84%
8. Bayer Leverkusen Florian Wirtz
82%
19. Bayern Munich Harry Kane
82%
11. Manchester City Phil Foden
82%
9. Manchester City Rodri
82%
7. Bayern Munich Jamal Musiala
79%
23. Barcelona Raphinha
79%
16. Newcastle Alexander Isak
78%
14. Arsenal Declan Rice
78%
18. Inter Milan Lautaro Martinez
78%
17. Real Madrid Rodrygo
78%
33. Paris Saint-Germain Ousmane Dembele
77%
70. Liverpool Mohamed Salah
75%
22. Liverpool Luis Diaz
74%
42. Manchester City Ruben Dias
74%
21. Atletico Madrid Julian Alvarez
73%
15. Arsenal Martin Ødegaard
73%
51. Barcelona Gavi
71%
71. Manchester United Bruno Fernandes
70%
35. Arsenal Gabriel
69%
30. Arsenal William Saliba
69%
63. Paris Saint-Germain Vitinha
67%
25. Newcastle Bruno Guimaraes
66%
10. Real Madrid Frederico Valverde
66%
24. Inter Milan Nicolo Barella
66%
80. Paris Saint-Germain Nuno Mendes
66%
53. Paris Saint-Germain Achraf Hakimi
65%
68. Paris Saint-Germain Desire Doue
65%
47. Athletic Bilbao Nico Williams
65%
37. Liverpool Trent Alexander-Arnold
65%
27. Real Madrid Aurelien Tchouameni
64%
52. Barcelona Pau Cubarsi
64%
48. Paris Saint-Germain Bradley Barcola
63%
32. Bayern Munich Michael Olise
63%
43. Galatasaray Victor Osimhen
63%
36. Sporting Lissabon Viktor Gyökeres
62%
26. Inter Milan Alessandro Bastoni
61%
49. Real Madrid Eduardo Camavinga
61%
39. AC Milan Rafael Leao
61%
67. Barcelona Alejandro Balde
60%
20. Liverpool Alexis Mac Allister
60%
28. Liverpool Dominik Szoboszlai
60%
29. Paris Saint-Germain Khvicha Kvaratskhelia
60%
60. Barcelona Jules Kounde
59%
90. Aston Villa Ollie Watkins
59%
54. Newcastle Anthony Gordon
58%
89. Bayern Munich Joshua Kimmich
58%
34. Inter Milan Marcus Thuram
58%
76. Arsenal Gabriel Martinelli
57%
56. Paris Saint-Germain Joao Neves
57%
41. Manchester City Josko Gvardiol
57%
57. Atalanta Ademola Lookman
56%
44. Liverpool Cody Gakpo
56%
40. Chelsea Enzo Fernandez
56%
38. Manchester City Omar Marmoush
56%
46. Liverpool Ryan Gravenberch
56%
50. RB Leipzig Xavi Simons
56%
31. Chelsea Moises Caicedo
55%
73. Crystal Palace Eberechi Eze
54%
45. Arsenal Kai Havertz
54%
62. Liverpool Ibrahima Konate
52%
100. Nottingham Forest Morgan Gibbs-White
52%
58. Inter Milan Federico Dimarco
49%
74. Wolverhampton Matheus Cunha
48%
55. RB Leipzig Benjamin Sesko
47%
59. Barcelona Dani Olmo
47%
79. Manchester City Jeremy Doku
47%
81. Eintracht Frankfurt Hugo Ekitike
45%
72. Tottenham Cristian Romero
43%
98. Barcelona Ronald Araujo
43%
64. RB Leipzig Lois Openda
42%
84. Manchester City Savinho
40%
61. Real Sociedad Martin Zubimendi
39%
93. Arsenal Ben White
38%
99. Brentford Bryan Mbeumo
38%
91. Tottenham James Maddison
38%
96. AC Milan Christian Pulisic
37%
77. Chelsea Nicolas Jackson
37%
65. Tottenham Dejan Kulusevski
36%
94. Aston Villa Marcus Rashford
35%
82. Nottingham Forest Murillo
35%
97. Bayern Munich Dayot Upamecano
34%
85. Manchester United Kobbie Mainoo
34%
69. Paris Saint-Germain Warren Zaire-Emery
33%
88. Palmeiras Estevao
31%
78. Aston Villa Amadou Onana
30%
86. Manchester United Leny Yoro
28%
66. Athletic Bilbao Oihan Sancet
27%
87. Arsenal Ethan Nwaneri
26%
95. AC Milan Tijjani Reijnders
24%
83. Chelsea Levi Colwill
23%
92. Juventus Bremer
22%
No matching quizzes found
Score Distribution
Percent of People with Each Score
Percentile by Number Answered
Your Score History
You have not taken this quiz